000 00612nam a2200241Ia 4500
003 OSt
005 20221005132745.0
006 a|||||r|||| 00| 0
007 ta
008 221004b |||||||| |||| 00| 0 eng d
024 _a62965
037 _cTextual
040 _aCRL
_cCRL
_beng
041 _2eng
_aeng
082 _aV218:71, K1
100 _aAllchin F R
_9108598
245 0 _aUtnur exacavations
260 _c1961
490 _aAndhra Pradesh government archaeological series; 5
650 _aHISTORY
942 _hV218:71, K1
_cTEXL
_2cc
999 _c1064711
_d1064711